Lyrics to 'All the Debts I Owe' by Caamp - Statistics

General Stats
  • This quiz has been taken 9 times
  • The average score is 197 of 230
Answer Stats
Answer % Correct
a
100%
all
100%
And
100%
and
100%
car
100%
cash
100%
debts
100%
get
100%
go
100%
Hit
100%
hit
100%
Honey
100%
honey
100%
I
100%
in
100%
keys
100%
kids
100%
know
100%
let's
100%
now
100%
Oh
100%
oh
100%
owe
100%
put
100%
the
100%
trunk
100%
you
100%
Abbi
80%
ago?
80%
at
80%
back
80%
bank
80%
bare
80%
barely
80%
be
80%
behind
80%
biggest
80%
Chicago
80%
"Come
80%
coming
80%
Daniel
80%
don't
80%
Don't
80%
down
80%
fifty
80%
for
80%
hair
80%
have
80%
here
80%
hope
80%
Idaho
80%
I'll
80%
I'm
80%
it
80%
John
80%
just
80%
Keep
80%
keep
80%
kind
80%
kiss
80%
life
80%
lights
80%
low
80%
mad
80%
me
80%
meet
80%
miss
80%
moons
80%
mother
80%
nice
80%
of
80%
on
80%
Promise
80%
promise
80%
real
80%
Remember
80%
right
80%
road
80%
said
80%
she
80%
some
80%
someday
80%
that
80%
thing
80%
three
80%
Three
80%
to
80%
told
80%
treat
80%
two
80%
voice
80%
way
80%
Wear
80%
whichever
80%
wife"
80%
with
80%
years
80%
you'll
80%
your
80%
you're
80%
Ain't
60%
are
60%
but
60%
die
60%
gonna
60%
had
60%
if
60%
thieves
60%
we're
60%
Cadi
40%
No matching quizzes found
Score Distribution
Percent of People with Each Score
Percentile by Number Answered
Your Score History
You have not taken this quiz